000 01212nam a2200229Ia 4500
003 Ost
005 20260507075043.0
008 260507s9999||||xx |||||||||||||| ||und||
040 _cfsecg
041 _aara
082 _a330
100 _aالكردي، منال محمد
_eمؤلف
245 0 _aمقدمة في :
_bنظم المعلومات الادارية /
_c منال محمد الكردي
260 _aالاسكندرية:
_bدار الجامعة الجديدة,
_c2003
300 _a413 صفحة؛
_bإيضاحات ؛
_c23 سم
520 _aمفاهيم أساسية في نظم وتكنولوجيا المعلومات، نظم المعلومات في المنظمات، أساسيات الحاسب الآلي، قيمة المعلومات، دورة حياة النظم:مرحلة التخطيط، مرحلة التطوير، مرحلة التنفيذ، مرحلة التشغيل، مرحلة الرقابة، نظم دعم القرار، الذكاء الصناعي
653 _aالإدارة
653 _aالتخطيط
653 _aنظم المعلومات- المؤسسة الممتدة
700 _aالعبد، جلال ابراهيم
_eمؤلف ثانوي
942 _cكتاب
999 _c42537
_d42537